Responses to cyber terrorism (Record no. 128556)
[ view plain ]
| 000 -LEADER | |
|---|---|
| fixed length control field | 01372nam a2200301 a 4500 |
| 245 00 - TITLE STATEMENT | |
| Title | Responses to cyber terrorism |
| 260 ## - PUBLICATION, DISTRIBUTION, ETC. (IMPRINT) | |
| Place of publication | Washington, DC : |
| Name of publisher | IOS Press, |
| Year of publication | 2008. |
| 300 ## - PHYSICAL DESCRIPTION | |
| Number of Pages | xv, 145 p. |
| 490 0# - SERIES STATEMENT | |
| Series statement | NATO science for peace and security series. Sub-series E: Human and societal dynamics, |
| 500 ## - GENERAL NOTE | |
| General note | "Published in cooperation with NATO Public Diplomacy Division." |
| 650 #0 - SUBJECT ADDED ENTRY--TOPICAL TERM | |
| Topical Term | Cyberterrorism |
| 856 40 - ELECTRONIC LOCATION AND ACCESS | |
| Uniform Resource Identifier | http://site.ebrary.com/lib/rucke/Doc?id=10216842 |
No items available.
